书目信息 |
| 题名: |
钢结构住宅
|
|
| 作者: | 米耶蒂宁, , 萨尔尼, 著 ;凌珀 译 | |
| 分册: | ||
| 出版信息: | 天津 天津大学出版社 2004.01 |
|
| 页数: | 114页 | |
| 开本: | 29cm | |
| 丛书名: | ||
| 单 册: | ||
| 中图分类: | TU241 | |
| 科图分类: | ||
| 主题词: | 民用建筑--建筑设计 | |
| 电子资源: | ||
| ISBN: | 7-5618-1866-1 | |
| 000 | 00903nam0 2200241 450 | |
| 001 | 0104220991 | |
| 005 | 20050628102448.46 | |
| 010 | @a7-5618-1866-1@dCNY66.00 | |
| 100 | @a20040422d2004 km y0chiy0120 ea | |
| 101 | 1 | @achi@cfin |
| 102 | @aCN@b120000 | |
| 105 | @aa z 000yy | |
| 200 | 1 | @a钢结构住宅@AGang Jie Gou Zhu Zhai@f(芬) 埃斯科·米耶蒂宁(Esko Miettinen),(芬)瑞斯托·萨尔尼著@F(fen)ai si ke·mi ye di ning(Esko Miettinen),(fen)rui si tuo·sa er ni zhu@g凌珀译@Gling po yi |
| 210 | @a天津@c天津大学出版社@d2004.01 | |
| 215 | @a114页@c图@d29cm | |
| 330 | @a本书内容包括:住宅、钢结构住宅、住宅的建筑与结构,住宅产品,结构系统设计,住宅实例等。 | |
| 606 | 0 | @a民用建筑@x建筑设计 |
| 690 | @aTU241@v4 | |
| 701 | 1 | @a米耶蒂宁,@Ami ye di ning,@b埃斯科@4著 |
| 701 | 1 | @a萨尔尼,@Asa er ni,@b瑞斯托@4著 |
| 702 | 0 | @a凌珀@Aling po@4译 |
| 801 | 0 | @aCN@bRULIN@c20050628 |
| 905 | @a10447@dTU241@eS006 | |
| 钢结构住宅/(芬) 埃斯科·米耶蒂宁(Esko Miettinen),(芬)瑞斯托·萨尔尼著/凌珀译.-天津:天津大学出版社,2004.01 |
| 114页:图;29cm |
| ISBN 7-5618-1866-1:CNY66.00 |
| 本书内容包括:住宅、钢结构住宅、住宅的建筑与结构,住宅产品,结构系统设计,住宅实例等。 |
| ● |
| 相关链接 |
|
|
|
正题名:钢结构住宅
索取号:TU241/S006
 
预约/预借
| 序号 | 登录号 | 条形码 | 馆藏地/架位号 | 状态 | 备注 |
| 1 | 522100 | 205221008 | 建筑与城市规划学院资料室/101建筑库 33排3列1层/ [索取号:TU241/S006] | 在馆 | |
| 2 | 522101 | 205221017 | 建筑库101/101建筑库 61排5列4层/ [索取号:TU241/S006] | 在馆 | |
| 3 | 522102 | 205221026 | 建筑库101/101建筑库 61排5列4层/ [索取号:TU241/S006] | 在馆 |